[Event "DEM U10w 2023"]
[Site "Willingen GER"]
[Date "2023.06.02"]
[Round "9"]
[White "Ebel, Io Cornelia"]
[Black "Bräutigam, Viktoria"]
[Result "1/2-1/2"]
[Termination "normal"]
[Board "21"]
[WhiteElo "768"]
[BlackElo "770"]
[WhiteClock "00:51:01"]
[BlackClock "01:05:11"]
[PlyCount "49"]
[BlackFideId "34638652"]
[EventCountry "GER"]
[EventRounds "11"]
[EventType "swiss"]
[EventDate "2023.05.27"]

1. e4 {[%clk 01:15:56]} {[%emt 00:00:03]} e5 {[%clk 01:15:53]} {[%emt
00:00:07]} 2. Nf3 {[%clk 01:16:09]} {[%emt 00:00:18]} Nc6 {[%clk 01:16:10]}
{[%emt 00:00:12]} 3. Bc4 {[%clk 01:16:15]} {[%emt 00:00:25]} Bc5 {[%clk
01:16:07]} {[%emt 00:00:32]} 4. d3 {[%clk 01:16:20]} {[%emt 00:00:26]} h6
{[%clk 01:15:44]} {[%emt 00:00:52]} 5. Nc3 {[%clk 01:16:28]} {[%emt 00:00:23]}
Nf6 {[%clk 01:15:15]} {[%emt 00:00:59]} 6. Be3 {[%clk 01:16:36]} {[%emt
00:00:22]} Bb6 {[%clk 01:15:01]} {[%emt 00:00:44]} 7. Bxb6 {[%clk 01:16:11]}
{[%emt 00:00:56]} axb6 {[%clk 01:15:13]} {[%emt 00:00:17]} 8. Qd2 {[%clk
01:14:01]} {[%emt 00:02:37]} O-O {[%clk 01:15:13]} {[%emt 00:00:33]} 9. O-O-O
{[%clk 01:13:09]} {[%emt 00:01:23]} d6 {[%clk 01:15:00]} {[%emt 00:00:43]} 10.
h3 {[%clk 01:11:57]} {[%emt 00:01:42]} Bd7 {[%clk 01:14:34]} {[%emt 00:00:56]}
11. Ne2 {[%clk 01:08:45]} {[%emt 00:03:42]} Ra5 {[%clk 01:12:56]} {[%emt
00:02:08]} 12. Ng3 {[%clk 01:02:43]} {[%emt 00:06:27]} b5 {[%clk 01:11:56]}
{[%emt 00:01:35]} 13. Bb3 {[%clk 01:01:07]} {[%emt 00:02:04]} b6 {[%clk
01:11:47]} {[%emt 00:00:42]} 14. Nf5 {[%clk 00:59:24]} {[%emt 00:02:12]} Qa8
{[%clk 01:09:53]} {[%emt 00:02:24]} 15. Kb1 {[%clk 00:58:33]} {[%emt 00:01:21]}
Be6 {[%clk 01:09:21]} {[%emt 00:01:01]} 16. a3 {[%clk 00:57:08]} {[%emt
00:01:56]} Nd7 {[%emt 00:03:20]} 17. g4 {[%clk 00:54:55]} {[%emt 00:00:36]} Nc5
{[%clk 01:08:13]} {[%emt 00:00:54]} 18. Ka2 {[%clk 00:54:14]} {[%emt 00:01:11]}
Ra4 {[%clk 01:07:01]} {[%emt 00:01:43]} 19. g5 {[%clk 00:53:08]} {[%emt
00:01:36]} Na5 {[%clk 01:06:36]} {[%emt 00:00:55]} 20. Ne7+ {[%clk 00:52:47]}
{[%emt 00:00:50]} Kh7 {[%clk 01:05:51]} {[%emt 00:01:15]} 21. Ra1 {[%clk
00:52:09]} {[%emt 00:01:05]} Naxb3 {[%clk 01:05:29]} {[%emt 00:00:55]} 22. cxb3
{[%clk 00:51:34]} {[%emt 00:01:06]} Nxb3 {[%clk 01:05:20]} {[%emt 00:00:39]}
23. Qd1 {[%clk 00:51:13]} {[%emt 00:00:47]} Nxa1+ {[%clk 01:05:32]} {[%emt
00:00:21]} 24. Kxa1 {[%clk 00:51:19]} {[%emt 00:00:25]} Re8 {[%clk 01:05:11]}
{[%emt 00:00:51]} 25. gxh6 {[%clk 00:51:01]} {[%emt 00:00:48]} 1/2-1/2

[Event "DEM U10w 2023"]
[Site "Willingen GER"]
[Date "2023.06.02"]
[Round "10"]
[White "Kühn, Nicole"]
[Black "Bohatyrova, Mariia"]
[Result "0-1"]
[Termination "normal"]
[Board "1"]
[WhiteElo "1048"]
[BlackElo "1357"]
[WhiteClock "00:41:14"]
[BlackClock "00:29:46"]
[PlyCount "89"]
[WhiteFideId "34610510"]
[BlackFideId "34165789"]
[EventCountry "GER"]
[EventRounds "11"]
[EventType "swiss"]
[EventDate "2023.05.27"]

1. e4 {[%clk 01:15:13]} {[%emt 00:00:46]} e5 {[%clk 01:15:56]} {[%emt
00:00:04]} 2. Nf3 {[%clk 01:14:37]} {[%emt 00:01:06]} Nc6 {[%clk 01:16:22]}
{[%emt 00:00:04]} 3. Bc4 {[%clk 01:13:50]} {[%emt 00:01:17]} Bc5 {[%clk
01:16:45]} {[%emt 00:00:07]} 4. c3 {[%clk 01:12:02]} {[%emt 00:02:18]} Nf6
{[%clk 01:17:05]} {[%emt 00:00:10]} 5. d3 {[%clk 01:10:28]} {[%emt 00:02:05]}
d6 {[%clk 01:17:23]} {[%emt 00:00:10]} 6. b4 {[%clk 01:05:59]} {[%emt
00:05:01]} Bb6 {[%clk 01:17:44]} {[%emt 00:00:08]} 7. a4 {[%clk 01:03:42]}
{[%emt 00:02:48]} a6 {[%clk 01:17:51]} {[%emt 00:00:22]} 8. a5 {[%emt
00:01:51]} Ba7 {[%clk 01:18:07]} {[%emt 00:00:11]} 9. Qb3 {[%clk 00:59:30]}
{[%emt 00:03:25]} Qe7 {[%clk 01:16:30]} {[%emt 00:02:04]} 10. O-O {[%clk
00:58:42]} {[%emt 00:01:21]} h6 {[%clk 01:16:28]} {[%emt 00:00:30]} 11. Be3
{[%clk 00:55:54]} {[%emt 00:03:20]} O-O {[%clk 01:15:30]} {[%emt 00:01:27]} 12.
Re1 {[%clk 00:55:39]} {[%emt 00:00:45]} Bd7 {[%clk 00:49:58]} {[%emt 00:26:01]}
13. Nbd2 {[%clk 00:53:48]} {[%emt 00:02:22]} Rae8 {[%clk 00:39:49]} {[%emt
00:10:37]} 14. b5 {[%clk 00:51:50]} {[%emt 00:02:31]} axb5 {[%clk 00:39:55]}
{[%emt 00:00:24]} 15. Bxb5 {[%clk 00:52:04]} {[%emt 00:00:16]} Ra8 {[%clk
00:35:28]} {[%emt 00:04:44]} 16. Bc4 {[%clk 00:48:56]} {[%emt 00:03:50]} Bxe3
{[%clk 00:32:10]} {[%emt 00:03:49]} 17. fxe3 {[%clk 00:48:33]} {[%emt
00:00:53]} Nxa5 {[%clk 00:32:22]} {[%emt 00:00:18]} 18. Qb4 {[%clk 00:47:49]}
{[%emt 00:01:15]} Nxc4 {[%clk 00:30:29]} {[%emt 00:02:22]} 19. Nxc4 {[%clk
00:47:47]} {[%emt 00:00:31]} b6 {[%clk 00:30:05]} {[%emt 00:00:51]} 20. Rxa8
{[%clk 00:44:47]} {[%emt 00:03:34]} Rxa8 {[%clk 00:29:29]} {[%emt 00:01:06]}
21. Qb2 {[%clk 00:43:03]} {[%emt 00:02:11]} Bc6 {[%clk 00:29:10]} {[%emt
00:00:49]} 22. Ra1 {[%clk 00:42:48]} {[%emt 00:00:47]} Rxa1+ {[%clk 00:28:48]}
{[%emt 00:00:52]} 23. Qxa1 {[%clk 00:43:12]} {[%emt 00:00:07]} Nd7 {[%clk
00:28:21]} {[%emt 00:00:54]} 24. Qa3 {[%clk 00:42:34]} {[%emt 00:01:11]} Nc5
{[%clk 00:27:51]} {[%emt 00:00:55]} 25. Nb2 {[%clk 00:42:11]} {[%emt 00:00:58]}
Qe8 {[%clk 00:27:15]} {[%emt 00:01:03]} 26. Qa7 {[%clk 00:42:07]} {[%emt
00:00:37]} Qa8 {[%clk 00:25:19]} {[%emt 00:02:07]} 27. Qxa8+ {[%clk 00:40:59]}
{[%emt 00:01:58]} Bxa8 {[%clk 00:25:43]} {[%emt 00:00:05]} 28. Kf2 {[%clk
00:41:00]} {[%emt 00:00:29]} f6 {[%clk 00:25:45]} {[%emt 00:00:27]} 29. Kg3
{[%clk 00:41:09]} {[%emt 00:00:21]} Kf7 {[%clk 00:26:08]} {[%emt 00:00:07]} 30.
Kg4 {[%clk 00:41:27]} {[%emt 00:00:12]} g6 {[%clk 00:25:57]} {[%emt 00:00:40]}
31. h4 {[%clk 00:40:30]} {[%emt 00:01:27]} h5+ {[%clk 00:25:49]} {[%emt
00:00:38]} 32. Kh3 {[%clk 00:40:49]} {[%emt 00:00:12]} Bb7 {[%clk 00:26:07]}
{[%emt 00:00:12]} 33. g3 {[%clk 00:40:38]} {[%emt 00:00:41]} Ba6 {[%clk
00:26:16]} {[%emt 00:00:21]} 34. Nc4 {[%clk 00:39:59]} {[%emt 00:01:09]} Bxc4
{[%clk 00:26:31]} {[%emt 00:00:15]} 35. dxc4 {[%clk 00:40:10]} {[%emt
00:00:20]} Nxe4 {[%clk 00:26:55]} {[%emt 00:00:06]} 36. Nxe5+ {[%clk 00:39:51]}
{[%emt 00:00:48]} fxe5 {[%clk 00:27:12]} {[%emt 00:00:13]} 37. g4 {[%emt
00:00:49]} Nf2+ {[%clk 00:27:33]} {[%emt 00:00:04]} 38. Kg3 {[%clk 00:39:47]}
{[%emt 00:00:21]} Nxg4 {[%clk 00:27:55]} {[%emt 00:00:07]} 39. Kf3 {[%clk
00:40:06]} {[%emt 00:00:10]} Ke6 {[%clk 00:28:08]} {[%emt 00:00:15]} 40. Ke4
{[%clk 00:40:26]} {[%emt 00:00:14]} c6 {[%clk 00:28:29]} {[%emt 00:00:09]} 41.
Kd3 {[%clk 00:40:37]} {[%emt 00:00:19]} d5 {[%clk 00:28:43]} {[%emt 00:00:15]}
42. cxd5+ {[%clk 00:40:55]} {[%emt 00:00:13]} cxd5 {[%clk 00:29:07]} {[%emt
00:00:05]} 43. c4 {[%clk 00:40:29]} {[%emt 00:00:56]} dxc4+ {[%clk 00:29:23]}
{[%emt 00:00:14]} 44. Kxc4 {[%clk 00:40:48]} {[%emt 00:00:12]} Nxe3+ {[%clk
00:29:46]} {[%emt 00:00:07]} 45. Kb5 {[%clk 00:41:14]} {[%emt 00:00:04]} 0-1

[Event "DEM U10w 2023"]
[Site "Willingen GER"]
[Date "2023.06.02"]
[Round "10"]
[White "Bacakova, Klara"]
[Black "Tischlinger, Lara"]
[Result "0-1"]
[Termination "normal"]
[Board "2"]
[WhiteElo "1289"]
[BlackElo "1238"]
[WhiteClock "00:12:47"]
[BlackClock "00:15:24"]
[PlyCount "151"]
[WhiteFideId "34605762"]
[BlackFideId "34663401"]
[EventCountry "GER"]
[EventRounds "11"]
[EventType "swiss"]
[EventDate "2023.05.27"]

1. e4 {[%clk 01:15:58]} d5 {[%clk 01:15:54]} {[%emt 00:00:08]} 2. exd5 {[%clk
01:16:20]} {[%emt 00:00:07]} Nf6 {[%clk 01:16:19]} {[%emt 00:00:05]} 3. Nc3
{[%clk 01:15:58]} {[%emt 00:00:52]} Nxd5 {[%clk 01:16:39]} {[%emt 00:00:10]} 4.
Nxd5 {[%clk 01:15:55]} {[%emt 00:00:32]} Qxd5 {[%clk 01:17:02]} {[%emt
00:00:07]} 5. d4 {[%clk 01:16:06]} {[%emt 00:00:19]} g6 {[%clk 01:17:17]}
{[%emt 00:00:16]} 6. Nf3 {[%clk 01:15:09]} {[%emt 00:01:27]} Bg7 {[%clk
01:17:26]} {[%emt 00:00:21]} 7. Be2 {[%clk 01:13:50]} {[%emt 00:01:49]} O-O
{[%clk 01:17:17]} {[%emt 00:00:39]} 8. O-O {[%clk 01:13:27]} {[%emt 00:00:52]}
Nc6 {[%clk 01:15:39]} {[%emt 00:02:08]} 9. c3 {[%clk 01:11:28]} {[%emt
00:02:31]} b6 {[%clk 01:03:03]} {[%emt 00:13:05]} 10. Bf4 {[%clk 01:08:33]}
{[%emt 00:03:25]} Qd7 {[%clk 00:57:35]} {[%emt 00:05:57]} 11. Bb5 {[%clk
01:04:54]} {[%emt 00:04:10]} a6 {[%clk 00:52:41]} {[%emt 00:05:24]} 12. Ba4
{[%clk 01:04:04]} {[%emt 00:01:20]} b5 {[%clk 00:52:29]} {[%emt 00:00:41]} 13.
Bc2 {[%clk 01:02:10]} {[%emt 00:02:25]} Bb7 {[%clk 00:52:10]} {[%emt 00:00:49]}
14. Re1 {[%clk 00:59:58]} {[%emt 00:02:42]} Rfe8 {[%clk 00:47:35]} {[%emt
00:05:05]} 15. Qd2 {[%clk 00:50:00]} {[%emt 00:10:28]} Nd8 {[%clk 00:43:55]}
{[%emt 00:04:10]} 16. Be4 {[%clk 00:46:52]} {[%emt 00:03:34]} Bxe4 {[%clk
00:42:34]} {[%emt 00:01:55]} 17. Rxe4 {[%clk 00:47:02]} {[%emt 00:00:20]} Ne6
{[%clk 00:42:07]} {[%emt 00:00:56]} 18. Bh6 {[%clk 00:38:29]} {[%emt 00:09:03]}
Rad8 {[%clk 00:39:11]} {[%emt 00:03:26]} 19. Bxg7 {[%clk 00:37:21]} {[%emt
00:01:38]} Kxg7 {[%clk 00:38:26]} {[%emt 00:01:16]} 20. Rae1 {[%clk 00:34:26]}
{[%emt 00:03:24]} c5 {[%clk 00:31:49]} {[%emt 00:07:08]} 21. Rd1 {[%clk
00:28:36]} {[%emt 00:06:20]} Qd5 {[%clk 00:27:25]} {[%emt 00:04:54]} 22. Rh4
{[%clk 00:23:47]} {[%emt 00:05:18]} Rh8 {[%clk 00:26:49]} {[%emt 00:01:07]} 23.
Qe3 {[%clk 00:20:51]} {[%emt 00:03:26]} Qxa2 {[%clk 00:23:40]} {[%emt
00:03:38]} 24. Qe2 {[%clk 00:15:22]} {[%emt 00:05:58]} Qd5 {[%clk 00:19:50]}
{[%emt 00:04:22]} 25. Rd2 {[%clk 00:13:07]} {[%emt 00:02:45]} Qb3 {[%clk
00:16:28]} {[%emt 00:03:52]} 26. Qe5+ {[%clk 00:12:17]} {[%emt 00:01:20]} f6
{[%clk 00:14:52]} {[%emt 00:02:06]} 27. Qe3 {[%clk 00:11:28]} {[%emt 00:01:19]}
Kf7 {[%clk 00:13:09]} {[%emt 00:02:13]} 28. dxc5 {[%clk 00:09:23]} {[%emt
00:02:34]} Rxd2 {[%clk 00:12:53]} {[%emt 00:00:47]} 29. Qxd2 {[%clk 00:09:15]}
{[%emt 00:00:37]} Nxc5 {[%clk 00:12:57]} {[%emt 00:00:27]} 30. Rb4 {[%clk
00:09:14]} {[%emt 00:00:30]} Qe6 {[%clk 00:11:52]} {[%emt 00:01:14]} 31. Kf1
{[%clk 00:08:37]} {[%emt 00:01:29]} Nb7 {[%clk 00:10:09]} {[%emt 00:02:12]} 32.
Nd4 {[%clk 00:08:32]} {[%emt 00:00:35]} Qc8 {[%clk 00:09:08]} {[%emt 00:01:32]}
33. Qe3 {[%clk 00:08:23]} {[%emt 00:00:39]} Qd7 {[%clk 00:08:40]} {[%emt
00:00:58]} 34. Qe4 {[%clk 00:07:27]} {[%emt 00:01:26]} Rc8 {[%clk 00:08:37]}
{[%emt 00:00:33]} 35. Qh4 {[%clk 00:07:12]} {[%emt 00:00:45]} h5 {[%clk
00:08:32]} {[%emt 00:00:35]} 36. Qe4 {[%clk 00:07:33]} {[%emt 00:00:09]} Nd6
{[%clk 00:08:28]} {[%emt 00:00:34]} 37. Qd5+ {[%clk 00:07:36]} {[%emt
00:00:27]} Kg7 {[%clk 00:07:41]} {[%emt 00:01:17]} 38. Ne6+ {[%clk 00:07:11]}
{[%emt 00:00:54]} Kh6 {[%clk 00:07:18]} {[%emt 00:00:54]} 39. Nf4 {[%clk
00:06:58]} {[%emt 00:00:42]} Qf5 {[%clk 00:07:06]} {[%emt 00:00:42]} 40. Qd1
{[%clk 00:06:44]} {[%emt 00:00:44]} Rc4 {[%clk 00:07:12]} {[%emt 00:00:25]} 41.
Rxc4 {[%clk 00:07:07]} {[%emt 00:00:07]} Nxc4 {[%clk 00:07:27]} {[%emt
00:00:15]} 42. Qc1 {[%clk 00:06:22]} {[%emt 00:01:15]} g5 {[%clk 00:07:00]}
{[%emt 00:00:58]} 43. Ne2 {[%clk 00:06:23]} {[%emt 00:00:28]} Qd3 {[%clk
00:07:07]} {[%emt 00:00:23]} 44. Ke1 {[%clk 00:05:36]} {[%emt 00:01:16]} Qd6
{[%clk 00:07:16]} {[%emt 00:00:21]} 45. g3 {[%clk 00:05:21]} {[%emt 00:00:46]}
Ne5 {[%clk 00:07:14]} {[%emt 00:00:32]} 46. Nd4 {[%clk 00:04:22]} {[%emt
00:01:29]} Nd3+ {[%clk 00:07:37]} {[%emt 00:00:07]} 47. Kf1 {[%clk 00:04:01]}
{[%emt 00:00:51]} Nxc1 {[%clk 00:07:54]} {[%emt 00:00:13]} 48. Nf5+ {[%clk
00:04:24]} {[%emt 00:00:07]} Kg6 {[%clk 00:08:17]} {[%emt 00:00:07]} 49. Nxd6
{[%clk 00:04:49]} {[%emt 00:00:05]} exd6 {[%clk 00:08:43]} {[%emt 00:00:04]}
50. Kg2 {[%clk 00:05:00]} {[%emt 00:00:18]} Kf5 {[%clk 00:09:07]} {[%emt
00:00:07]} 51. Kf3 {[%clk 00:05:21]} {[%emt 00:00:09]} Nd3 {[%clk 00:09:30]}
{[%emt 00:00:07]} 52. b4 {[%clk 00:05:35]} {[%emt 00:00:15]} Ke5 {[%clk
00:09:28]} {[%emt 00:00:32]} 53. Ke3 {[%clk 00:05:56]} {[%emt 00:00:09]} Nb2
{[%clk 00:09:31]} {[%emt 00:00:28]} 54. Kd2 {[%clk 00:06:10]} {[%emt 00:00:15]}
Ke4 {[%clk 00:09:43]} {[%emt 00:00:18]} 55. Ke2 {[%clk 00:06:27]} {[%emt
00:00:12]} Nc4 {[%clk 00:10:04]} {[%emt 00:00:11]} 56. f3+ {[%clk 00:06:47]}
{[%emt 00:00:08]} Ke5 {[%clk 00:10:24]} {[%emt 00:00:11]} 57. Kd3 {[%clk
00:07:02]} {[%emt 00:00:15]} a5 {[%clk 00:10:25]} {[%emt 00:00:30]} 58. bxa5
{[%clk 00:07:18]} {[%emt 00:00:13]} Nxa5 {[%clk 00:10:50]} {[%emt 00:00:05]}
59. Ke3 {[%clk 00:07:38]} {[%emt 00:00:10]} Nc4+ {[%clk 00:11:13]} {[%emt
00:00:07]} 60. Kd3 {[%clk 00:07:59]} {[%emt 00:00:09]} Kd5 {[%clk 00:11:27]}
{[%emt 00:00:17]} 61. Ke2 {[%clk 00:08:15]} {[%emt 00:00:58]} f5 {[%clk
00:11:45]} {[%emt 00:00:13]} 62. h3 {[%clk 00:08:07]} {[%emt 00:00:37]} Ne5
{[%clk 00:11:52]} {[%emt 00:00:23]} 63. Ke3 {[%clk 00:08:27]} {[%emt 00:00:10]}
Kc4 {[%clk 00:11:56]} {[%emt 00:00:27]} 64. f4 {[%clk 00:08:39]} {[%emt
00:00:18]} gxf4+ {[%clk 00:12:15]} {[%emt 00:00:11]} 65. gxf4 {[%clk 00:09:01]}
{[%emt 00:00:07]} Kxc3 {[%clk 00:12:28]} {[%emt 00:00:17]} 66. fxe5 {[%clk
00:09:22]} {[%emt 00:00:10]} dxe5 {[%clk 00:12:54]} {[%emt 00:00:04]} 67. Ke2
{[%clk 00:09:39]} {[%emt 00:00:11]} Kc2 {[%clk 00:13:18]} {[%emt 00:00:07]} 68.
Ke3 {[%clk 00:10:03]} {[%emt 00:00:06]} b4 {[%clk 00:13:45]} {[%emt 00:00:04]}
69. Ke2 {[%clk 00:10:26]} {[%emt 00:00:06]} b3 {[%clk 00:14:11]} {[%emt
00:00:05]} 70. Ke3 {[%clk 00:10:46]} {[%emt 00:00:09]} b2 {[%clk 00:14:38]}
{[%emt 00:00:05]} 71. Ke2 {[%clk 00:11:06]} {[%emt 00:00:09]} b1=Q {[%clk
00:15:02]} {[%emt 00:00:07]} 72. Ke3 {[%clk 00:11:29]} {[%emt 00:00:05]} h4
{[%clk 00:15:08]} {[%emt 00:00:25]} 73. Kf3 {[%clk 00:11:47]} {[%emt 00:00:11]}
Qf1+ {[%clk 00:15:30]} {[%emt 00:00:09]} 74. Ke3 {[%clk 00:12:10]} {[%emt
00:00:07]} Qxh3+ {[%clk 00:15:22]} {[%emt 00:00:37]} 75. Kf2 {[%clk 00:12:26]}
{[%emt 00:00:14]} Kd2 {[%clk 00:15:24]} {[%emt 00:00:28]} 76. Kg1 {[%clk
00:12:47]} {[%emt 00:00:09]} *

[Event "DEM U10w 2023"]
[Site "Willingen GER"]
[Date "2023.06.02"]
[Round "10"]
[White "Bharathula, Akhila"]
[Black "Shynkar, Daria"]
[Result "1-0"]
[Termination "normal"]
[Board "3"]
[WhiteElo "1117"]
[BlackElo "1179"]
[WhiteClock "00:42:18"]
[BlackClock "00:19:44"]
[PlyCount "60"]
[WhiteFideId "34641777"]
[BlackFideId "34163212"]
[EventCountry "GER"]
[EventRounds "11"]
[EventType "swiss"]
[EventDate "2023.05.27"]

1. d4 {[%clk 01:15:59]} Nf6 {[%clk 01:15:56]} {[%emt 00:00:05]} 2. Bf4 {[%clk
01:16:12]} {[%emt 00:00:17]} e6 {[%clk 01:13:18]} {[%emt 00:03:07]} 3. e3
{[%clk 01:16:07]} {[%emt 00:00:35]} Be7 {[%clk 01:13:07]} {[%emt 00:00:41]} 4.
Nf3 {[%clk 01:15:57]} {[%emt 00:00:39]} O-O {[%clk 01:13:01]} {[%emt 00:00:37]}
5. Nbd2 {[%clk 01:15:30]} {[%emt 00:00:57]} b6 {[%clk 01:12:43]} {[%emt
00:00:49]} 6. c3 {[%clk 01:14:18]} {[%emt 00:01:41]} Bb7 {[%clk 01:12:54]}
{[%emt 00:00:20]} 7. Bd3 {[%clk 01:13:27]} {[%emt 00:01:20]} d6 {[%clk
01:09:36]} {[%emt 00:03:48]} 8. Bg3 {[%clk 01:12:49]} {[%emt 00:01:07]} Nc6
{[%clk 01:09:26]} {[%emt 00:00:40]} 9. O-O {[%clk 01:11:52]} {[%emt 00:01:27]}
e5 {[%clk 00:56:25]} {[%emt 00:13:32]} 10. Bb1 {[%clk 01:09:44]} {[%emt
00:02:38]} exd4 {[%clk 00:55:49]} {[%emt 00:01:06]} 11. exd4 {[%clk 01:09:50]}
{[%emt 00:00:24]} Nd7 {[%clk 00:48:50]} {[%emt 00:07:29]} 12. Qc2 {[%clk
01:09:06]} {[%emt 00:01:14]} f5 {[%clk 00:48:03]} {[%emt 00:01:17]} 13. Qb3+
{[%clk 01:04:09]} {[%emt 00:05:27]} Kh8 {[%clk 00:48:16]} {[%emt 00:00:16]} 14.
Qc2 {[%clk 01:04:01]} {[%emt 00:00:39]} g6 {[%clk 00:41:03]} {[%emt 00:07:43]}
15. Bf4 {[%clk 01:03:05]} {[%emt 00:01:26]} Bf6 {[%clk 00:34:56]} {[%emt
00:06:37]} 16. h3 {[%clk 00:57:13]} {[%emt 00:06:21]} Ne7 {[%clk 00:32:11]}
{[%emt 00:03:16]} 17. Re1 {[%clk 00:54:51]} {[%emt 00:02:51]} Nd5 {[%clk
00:30:27]} {[%emt 00:02:13]} 18. Bh2 {[%clk 00:53:20]} {[%emt 00:02:02]} Re8
{[%clk 00:30:11]} {[%emt 00:00:47]} 19. Qd1 {[%clk 00:51:14]} {[%emt 00:02:35]}
Rxe1+ {[%clk 00:29:56]} {[%emt 00:00:46]} 20. Qxe1 {[%clk 00:51:36]} {[%emt
00:00:07]} Qf8 {[%clk 00:29:18]} {[%emt 00:01:08]} 21. Qe6 {[%clk 00:50:12]}
{[%emt 00:01:54]} Qg7 {[%clk 00:27:49]} {[%emt 00:01:59]} 22. Bd3 {[%clk
00:49:34]} {[%emt 00:01:09]} Nf8 {[%clk 00:26:07]} {[%emt 00:02:11]} 23. Qe2
{[%clk 00:48:46]} {[%emt 00:01:17]} Rd8 {[%clk 00:21:30]} {[%emt 00:05:09]} 24.
Re1 {[%clk 00:46:19]} {[%emt 00:02:56]} Rd7 {[%clk 00:19:06]} {[%emt 00:02:54]}
25. Qf1 {[%clk 00:45:18]} {[%emt 00:01:30]} Re7 {[%clk 00:19:03]} {[%emt
00:00:34]} 26. Rxe7 {[%clk 00:44:20]} {[%emt 00:01:28]} Nxe7 {[%clk 00:19:31]}
{[%emt 00:00:03]} 27. Qe2 {[%clk 00:43:52]} {[%emt 00:00:57]} Qh6 {[%clk
00:19:45]} {[%emt 00:00:17]} 28. a3 {[%clk 00:42:26]} {[%emt 00:01:57]} Bxf3
{[%clk 00:19:24]} {[%emt 00:00:50]} 29. Nxf3 {[%clk 00:42:39]} {[%emt
00:00:16]} Qc1+ {[%clk 00:19:44]} {[%emt 00:00:11]} 30. Ne1 {[%clk 00:42:18]}
{[%emt 00:00:51]} Qxb2 {[%clk 00:19:44]} {[%emt 00:00:28]} 1-0